[Event "Greek Team Championship"]
[Site "chess24.com"]
[Date "2017.07.08"]
[Round "7"]
[White "Petraki, Argiro"]
[Black "Karavitaki, Evaggelia"]
[Result "0-1"]
[Board "7"]
[WhiteElo "1633"]
[WhiteCountry "GRE"]
[WhiteFideId "4252748"]
[WhiteEloChange "-8"]
[BlackElo "1690"]
[BlackCountry "GRE"]
[BlackFideId "4295021"]
[BlackEloChange "8"]

1. e4 {[%clk 1:27:04]} c5 {[%clk 1:30:51]} 2. Nf3 {[%clk 1:27:31]} e6 {[%clk
1:31:13]} 3. d4 {[%clk 1:27:59]} cxd4 {[%clk 1:31:34]} 4. Nxd4 {[%clk 1:28:24]}
a6 {[%clk 1:31:49]} 5. c4 {[%clk 1:28:02]} Nf6 {[%clk 1:32:11]} 6. Nc3 {[%clk
1:28:29]} d6 {[%clk 1:29:49]} 7. Be3 {[%clk 1:28:08]} Qc7 {[%clk 1:28:14]} 8. f3
{[%clk 1:25:37]} b6 {[%clk 1:27:42]} 9. Be2 {[%clk 1:25:03]} Bb7 {[%clk 1:27:30]}
10. O-O {[%clk 1:25:23]} Be7 {[%clk 1:27:44]} 11. Qd2 {[%clk 1:21:23]} O-O {[%clk
1:27:42]} 12. Rfc1 {[%clk 1:15:08]} Nbd7 {[%clk 1:27:52]} 13. a4 {[%clk 1:14:19]}
a5 {[%clk 0:57:39]} 14. Ndb5 {[%clk 1:02:38]} Qb8 {[%clk 0:56:50]} 15. Rd1 {[%clk
1:00:53]} Rd8 {[%clk 0:51:47]} 16. Qe1 {[%clk 0:25:41]} Bc6 {[%clk 0:43:57]} 17.
Na2 {[%clk 0:21:34]} d5 {[%clk 0:39:57]} 18. exd5 {[%clk 0:20:36]} exd5 {[%clk
0:40:09]} 19. b4 {[%clk 0:20:15]} Qb7 {[%clk 0:29:05]} 20. bxa5 {[%clk 0:17:59]}
bxa5 {[%clk 0:28:34]} 21. Rab1 {[%clk 0:17:31]} Nc5 {[%clk 0:22:09]} 22. Nac3
{[%clk 0:15:37]} dxc4 {[%clk 0:18:25]} 23. Bxc4 {[%clk 0:15:01]} Qc8 {[%clk
0:15:38]} 24. Qf2 {[%clk 0:09:32]} Qf5 {[%clk 0:13:19]} 25. Nd4 {[%clk 0:07:33]}
Qc8 {[%clk 0:12:20]} 26. Nxc6 {[%clk 0:04:43]} Qxc6 {[%clk 0:12:32]} 27. Bb5
{[%clk 0:04:52]} Qc7 {[%clk 0:10:31]} 28. Rbc1 {[%clk 0:01:43]} Qe5 {[%clk
0:07:33]} 29. Bd4 {[%clk 0:00:58]} Qf5 {[%clk 0:06:41]} 30. g4 {[%clk 0:00:53]}
Nxg4 {[%clk 0:05:38]} 31. fxg4 {[%clk 0:01:18]} Qxg4+ {[%clk 0:05:59]} 32. Kh1
{[%clk 0:01:02]} Nb3 {[%clk 0:04:05]} 33. Be2 {[%clk 0:00:50]} Qh4 {[%clk
0:04:03]} 34. Qxh4 {[%clk 0:00:29]} Bxh4 {[%clk 0:04:25]} 35. Bb6 {[%clk
0:00:41]} Rdb8 {[%clk 0:04:00]} 36. Bc7 {[%clk 0:00:33]} Nxc1 {[%clk 0:02:49]}
37. Bf3 {[%clk 0:00:36]} Nb3 {[%clk 0:02:13]} 38. Bxb8 {[%clk 0:00:50]} Rxb8
{[%clk 0:02:35]} 39. Rb1 {[%clk 0:01:12]} Rb4 {[%clk 0:01:45]} 40. Nd5 {[%clk
0:31:28]} Nd2 {[%clk 0:30:48]} 41. Rxb4 {[%clk 0:19:24]} axb4 {[%clk 0:31:02]}
42. Kg2 {[%clk 0:19:39]} Nxf3 {[%clk 0:21:38]} 43. Kxf3 {[%clk 0:19:57]} b3
{[%clk 0:21:54]} 44. a5 {[%clk 0:19:10]} b2 {[%clk 0:22:03]} 45. Nc3 {[%clk
0:19:37]} Bd8 {[%clk 0:22:12]} 46. a6 {[%clk 0:19:37]} Bb6 {[%clk 0:22:36]} 47.
Ke2 {[%clk 0:19:12]} f5 {[%clk 0:22:44]} 48. Kd2 {[%clk 0:17:47]} f4 {[%clk
0:22:42]} 49. Kc2 {[%clk 0:18:09]} f3 {[%clk 0:22:34]} 50. Ne4 {[%clk 0:18:27]}
f2 {[%clk 0:22:11]} 51. Ng3 {[%clk 0:17:32]} Bd4 {[%clk 0:21:57]} 52. a7 {[%clk
0:17:32]} Bxa7 {[%clk 0:22:12]} 53. Kxb2 {[%clk 0:18:00]} Kf7 {[%clk 0:18:40]}
54. Kc2 {[%clk 0:18:06]} Kg6 {[%clk 0:18:20]} 55. Kd2 {[%clk 0:14:58]} Kg5 {[%clk
0:18:14]} 56. Ke2 {[%clk 0:14:17]} Kg4 {[%clk 0:18:14]} 0-1

[Event "Greek Team Championship"]
[Site "chess24.com"]
[Date "2017.07.08"]
[Round "7"]
[White "Patrelakis, Evaggelos"]
[Black "Fidrilakis, Stavros"]
[Result "1/2-1/2"]
[Board "8"]
[WhiteElo "1925"]
[WhiteCountry "GRE"]
[WhiteFideId "4295102"]
[BlackElo "1929"]
[BlackCountry "GRE"]
[BlackFideId "4277821"]

1. e4 {[%clk 1:30:57]} c5 {[%clk 1:25:54]} 2. Nf3 {[%clk 1:31:17]} d6 {[%clk
1:26:20]} 3. d4 {[%clk 1:31:40]} cxd4 {[%clk 1:26:46]} 4. Nxd4 {[%clk 1:32:03]}
Nf6 {[%clk 1:27:13]} 5. Nc3 {[%clk 1:32:23]} Nc6 {[%clk 1:27:40]} 6. Bg5 {[%clk
1:32:45]} Bd7 {[%clk 1:28:03]} 7. Qd2 {[%clk 1:33:10]} Rc8 {[%clk 1:28:26]} 8.
O-O-O {[%clk 1:33:32]} Nxd4 {[%clk 1:28:49]} 9. Qxd4 {[%clk 1:33:57]} Qa5 {[%clk
1:29:14]} 10. Bd2 {[%clk 1:34:16]} a6 {[%clk 1:21:49]} 11. Kb1 {[%clk 1:32:30]}
Qc5 {[%clk 1:20:55]} 12. Qxc5 {[%clk 1:31:58]} Rxc5 {[%clk 1:21:17]} 13. f3
{[%clk 1:30:29]} e6 {[%clk 1:06:21]} 14. g4 {[%clk 1:20:31]} Be7 {[%clk 1:00:53]}
15. g5 {[%clk 1:13:03]} Nh5 {[%clk 0:59:34]} 16. Be3 {[%clk 1:13:13]} Bxg5 {[%clk
0:55:40]} 17. Bxc5 {[%clk 1:10:59]} dxc5 {[%clk 0:56:04]} 18. Ne2 {[%clk
0:54:19]} Ke7 {[%clk 0:50:28]} 19. Ng3 {[%clk 0:51:36]} Nf4 {[%clk 0:49:56]} 20.
Ne2 {[%clk 0:51:43]} Nh5 {[%clk 0:46:45]} 21. Ng3 {[%clk 0:50:18]} Nf4 {[%clk
0:46:51]} 22. Ne2 {[%clk 0:49:19]} 1/2-1/2

[Event "Greek Team Championship"]
[Site "chess24.com"]
[Date "2017.07.08"]
[Round "7"]
[White "Petrakis, Stylianos"]
[Black "Georgakopoulos, Nikolaos K."]
[Result "1/2-1/2"]
[Board "9"]
[WhiteElo "1977"]
[WhiteCountry "GRE"]
[WhiteFideId "4252764"]
[WhiteEloChange "2"]
[BlackElo "2047"]
[BlackCountry "GRE"]
[BlackFideId "4283430"]
[BlackEloChange "-2"]

1. e4 {[%clk 1:26:21]} g6 {[%clk 1:30:52]} 2. d4 {[%clk 1:26:45]} Bg7 {[%clk
1:31:16]} 3. Nc3 {[%clk 1:26:52]} d5 {[%clk 1:31:41]} 4. Nxd5 {[%clk 1:20:27]} c6
{[%clk 1:32:04]} 5. Ne3 {[%clk 1:20:53]} Qxd4 {[%clk 1:32:28]} 6. Qxd4 {[%clk
1:20:57]} Bxd4 {[%clk 1:32:51]} 7. c3 {[%clk 1:21:11]} Bg7 {[%clk 1:32:54]} 8.
Nc2 {[%clk 1:17:24]} Nf6 {[%clk 1:31:19]} 9. f3 {[%clk 1:17:43]} Be6 {[%clk
1:29:22]} 10. Ne2 {[%clk 1:16:49]} c5 {[%clk 1:27:02]} 11. Nf4 {[%clk 1:13:01]}
Bd7 {[%clk 1:25:35]} 12. e5 {[%clk 1:08:59]} Ng8 {[%clk 1:24:08]} 13. e6 {[%clk
1:08:57]} Bxe6 {[%clk 1:19:55]} 14. Nxe6 {[%clk 1:09:09]} fxe6 {[%clk 1:20:21]}
15. Be3 {[%clk 1:06:33]} Nd7 {[%clk 1:07:19]} 16. Bb5 {[%clk 1:05:55]} b6 {[%clk
1:06:23]} 17. O-O-O {[%clk 1:03:16]} O-O-O {[%clk 0:57:49]} 18. Rhe1 {[%clk
0:55:51]} e5 {[%clk 0:45:23]} 19. Bg5 {[%clk 0:55:15]} Bf6 {[%clk 0:45:26]} 20.
f4 {[%clk 0:51:51]} exf4 {[%clk 0:41:23]} 21. Bxf4 {[%clk 0:51:03]} e5 {[%clk
0:41:01]} 22. Bxd7+ {[%clk 0:50:31]} Rxd7 {[%clk 0:41:30]} 23. Bxe5 {[%clk
0:50:17]} Bxe5 {[%clk 0:41:51]} 24. Rxe5 {[%clk 0:50:41]} Rxd1+ {[%clk 0:34:03]}
25. Kxd1 {[%clk 0:50:39]} Kd7 {[%clk 0:34:27]} 26. Rd5+ {[%clk 0:50:36]} Ke7
{[%clk 0:33:21]} 27. Re5+ {[%clk 0:50:44]} Kd7 {[%clk 0:33:41]} 28. Rd5+ {[%clk
0:49:29]} Ke7 {[%clk 0:34:05]} 29. Re5+ {[%clk 0:49:43]} Kd7 {[%clk 0:34:27]} 30.
Rd5+ {[%clk 0:50:04]} Kc7 {[%clk 0:30:42]} 31. Re5 {[%clk 0:50:27]} Kd7 {[%clk
0:30:47]} 1/2-1/2

[Event "Greek Team Championship"]
[Site "chess24.com"]
[Date "2017.07.08"]
[Round "7"]
[White "Fyntrilakis, Kyriakos"]
[Black "Tzagarakis, Panagiotis"]
[Result "0-1"]
[Board "10"]
[WhiteElo "1647"]
[WhiteCountry "GRE"]
[WhiteFideId "4286030"]
[WhiteEloChange "-11"]
[BlackElo "1608"]
[BlackCountry "GRE"]
[BlackFideId "25806009"]
[BlackEloChange "11"]

1. e4 {[%clk 1:30:57]} c5 {[%clk 1:27:46]} 2. Nf3 {[%clk 1:31:20]} e6 {[%clk
1:28:11]} 3. g3 {[%clk 1:31:45]} Nf6 {[%clk 1:28:19]} 4. Qe2 {[%clk 1:32:09]} Be7
{[%clk 1:28:33]} 5. Bg2 {[%clk 1:32:31]} d5 {[%clk 1:28:46]} 6. d3 {[%clk
1:32:53]} Nc6 {[%clk 1:28:34]} 7. O-O {[%clk 1:33:00]} b6 {[%clk 1:28:27]} 8. e5
{[%clk 1:33:12]} Nd7 {[%clk 1:28:41]} 9. c4 {[%clk 1:33:35]} dxc4 {[%clk
1:26:37]} 10. dxc4 {[%clk 1:33:57]} Qc7 {[%clk 1:26:45]} 11. Nc3 {[%clk 1:30:32]}
Bb7 {[%clk 1:20:29]} 12. Nb5 {[%clk 1:30:23]} Qb8 {[%clk 1:20:19]} 13. Rd1 {[%clk
1:27:11]} a6 {[%clk 1:17:31]} 14. Nc3 {[%clk 1:20:57]} Qc7 {[%clk 1:15:39]} 15.
Bf4 {[%clk 1:16:03]} O-O-O {[%clk 1:14:21]} 16. b4 {[%clk 1:13:36]} cxb4 {[%clk
1:11:41]} 17. Na4 {[%clk 1:12:27]} Nc5 {[%clk 1:11:18]} 18. Nb2 {[%clk 1:11:59]}
h6 {[%clk 1:10:13]} 19. h4 {[%clk 0:57:59]} Rhg8 {[%clk 1:03:42]} 20. Qe3 {[%clk
0:56:55]} Na5 {[%clk 0:58:25]} 21. h5 {[%clk 0:51:35]} Ne4 {[%clk 0:55:17]} 22.
Nd3 {[%clk 0:38:22]} Nxc4 {[%clk 0:53:32]} 23. Qe1 {[%clk 0:38:47]} Nc3 {[%clk
0:53:46]} 0-1

[Event "Greek Team Championship"]
[Site "chess24.com"]
[Date "2017.07.08"]
[Round "7"]
[White "Polzin, Rainer"]
[Black "Lupulescu, Constantin"]
[Result "0-1"]
[Board "1"]
[WhiteElo "2405"]
[WhiteTitle "GM"]
[WhiteCountry "GER"]
[WhiteFideId "4610741"]
[WhiteEloChange "-2"]
[BlackElo "2635"]
[BlackTitle "GM"]
[BlackCountry "ROU"]
[BlackFideId "1207822"]
[BlackEloChange "2"]

1. e4 {[%clk 1:30:57]} c6 {[%clk 1:30:46]} 2. d4 {[%clk 1:31:21]} d5 {[%clk
1:31:12]} 3. e5 {[%clk 1:31:37]} Bf5 {[%clk 1:31:38]} 4. h4 {[%clk 1:31:45]} h6
{[%clk 1:30:26]} 5. g4 {[%clk 1:27:16]} Bd7 {[%clk 1:30:52]} 6. Nc3 {[%clk
1:26:43]} Qc8 {[%clk 1:26:43]} 7. Be2 {[%clk 1:20:03]} h5 {[%clk 1:23:50]} 8.
gxh5 {[%clk 1:18:55]} Bf5 {[%clk 1:23:45]} 9. Be3 {[%clk 1:16:18]} e6 {[%clk
1:19:59]} 10. Bd3 {[%clk 0:55:52]} Ne7 {[%clk 1:12:58]} 11. h6 {[%clk 0:51:09]}
gxh6 {[%clk 1:11:02]} 12. Nge2 {[%clk 0:51:13]} Nd7 {[%clk 1:04:12]} 13. Ng3
{[%clk 0:50:42]} Bxd3 {[%clk 1:04:01]} 14. cxd3 {[%clk 0:41:16]} Qc7 {[%clk
1:00:50]} 15. Rc1 {[%clk 0:33:35]} a6 {[%clk 0:55:06]} 16. Qf3 {[%clk 0:18:19]}
c5 {[%clk 0:47:18]} 17. b4 {[%clk 0:17:18]} b6 {[%clk 0:37:02]} 18. b5 {[%clk
0:09:52]} Qb8 {[%clk 0:36:51]} 19. O-O {[%clk 0:05:47]} axb5 {[%clk 0:27:57]} 20.
Nxb5 {[%clk 0:05:45]} Nc6 {[%clk 0:28:12]} 21. Qe2 {[%clk 0:04:10]} Na7 {[%clk
0:17:33]} 22. Qb2 {[%clk 0:03:52]} Rg8 {[%clk 0:14:45]} 23. Kg2 {[%clk 0:02:12]}
Nxb5 {[%clk 0:11:10]} 24. Qxb5 {[%clk 0:02:40]} Ra5 {[%clk 0:11:18]} 25. Qb2
{[%clk 0:01:46]} cxd4 {[%clk 0:08:50]} 26. Qxd4 {[%clk 0:01:58]} Bc5 {[%clk
0:02:57]} 27. Qf4 {[%clk 0:02:20]} d4 {[%clk 0:02:13]} 28. Bxd4 {[%clk 0:02:14]}
Bxd4 {[%clk 0:02:21]} 29. Qxd4 {[%clk 0:02:42]} Rxe5 {[%clk 0:02:40]} 30. Kh3
{[%clk 0:02:19]} Rd5 {[%clk 0:02:18]} 31. Qe3 {[%clk 0:02:29]} Ke7 {[%clk
0:02:18]} 32. Rc6 {[%clk 0:02:17]} Qe5 {[%clk 0:01:57]} 33. Qxe5 {[%clk 0:01:05]}
Rxe5 {[%clk 0:02:15]} 34. Rb1 {[%clk 0:01:20]} Ra8 {[%clk 0:01:57]} 35. Rc7
{[%clk 0:00:54]} Kd8 {[%clk 0:00:45]} 36. Rc2 {[%clk 0:01:10]} Ra3 {[%clk
0:01:00]} 37. d4 {[%clk 0:01:13]} Rea5 {[%clk 0:01:01]} 38. Rbb2 {[%clk 0:01:08]}
Rd3 {[%clk 0:00:53]} 39. Rd2 {[%clk 0:00:51]} Rxd2 {[%clk 0:01:01]} 40. Rxd2
{[%clk 0:31:19]} Nf6 {[%clk 0:31:22]} 41. Rb2 {[%clk 0:17:56]} Kc7 {[%clk
0:31:02]} 42. Rb3 {[%clk 0:16:02]} Nd5 {[%clk 0:27:01]} 43. a3 {[%clk 0:16:25]}
Ra4 {[%clk 0:26:05]} 44. Ne2 {[%clk 0:16:14]} Rc4 {[%clk 0:25:47]} 45. Rb2 {[%clk
0:15:21]} f5 {[%clk 0:24:41]} 46. Kg2 {[%clk 0:13:26]} Kb7 {[%clk 0:23:20]} 47.
Rb3 {[%clk 0:12:57]} Rc2 {[%clk 0:20:27]} 48. Kf1 {[%clk 0:13:19]} Kc6 {[%clk
0:13:05]} 49. Rg3 {[%clk 0:13:25]} Ra2 {[%clk 0:12:57]} 50. h5 {[%clk 0:11:21]}
Kd6 {[%clk 0:10:35]} 51. Rb3 {[%clk 0:07:27]} Rc2 {[%clk 0:09:36]} 52. Ke1 {[%clk
0:07:11]} Ke7 {[%clk 0:09:13]} 53. Rg3 {[%clk 0:06:20]} Ra2 {[%clk 0:08:44]} 54.
Rg7+ {[%clk 0:05:58]} Kd6 {[%clk 0:09:03]} 55. Rg3 {[%clk 0:04:59]} Ra1+ {[%clk
0:09:11]} 56. Kd2 {[%clk 0:05:26]} Rh1 {[%clk 0:09:31]} 57. Nc3 {[%clk 0:04:05]}
Rxh5 {[%clk 0:09:32]} 58. Nxd5 {[%clk 0:03:49]} Kxd5 {[%clk 0:09:57]} 59. Rb3
{[%clk 0:04:04]} Rh4 {[%clk 0:09:18]} 60. Rxb6 {[%clk 0:04:20]} Rxd4+ {[%clk
0:09:34]} 61. Ke2 {[%clk 0:04:10]} Ra4 {[%clk 0:08:21]} 62. Rb3 {[%clk 0:01:53]}
h5 {[%clk 0:08:28]} 63. f3 {[%clk 0:01:34]} Ke5 {[%clk 0:07:42]} 64. Kf2 {[%clk
0:01:55]} Kf4 {[%clk 0:04:33]} 65. Kg2 {[%clk 0:01:30]} e5 {[%clk 0:04:16]} 66.
Kf2 {[%clk 0:01:08]} h4 {[%clk 0:02:46]} 67. Kg2 {[%clk 0:00:46]} Rc4 {[%clk
0:02:21]} 68. Rb2 {[%clk 0:00:32]} Rc3 {[%clk 0:02:32]} 69. Rb4+ {[%clk 0:00:46]}
e4 {[%clk 0:02:47]} 70. fxe4 {[%clk 0:01:15]} fxe4 {[%clk 0:03:14]} 71. a4 {[%clk
0:01:25]} Ra3 {[%clk 0:03:29]} 0-1

[Event "Greek Team Championship"]
[Site "chess24.com"]
[Date "2017.07.08"]
[Round "7"]
[White "Lubbe, Nikolas"]
[Black "Schuetze, Norman"]
[Result "1-0"]
[Board "2"]
[WhiteElo "2505"]
[WhiteTitle "IM"]
[WhiteCountry "GER"]
[WhiteFideId "4694031"]
[WhiteEloChange "2"]
[BlackElo "2278"]
[BlackCountry "GER"]
[BlackFideId "4659406"]
[BlackEloChange "-4"]

1. e4 {[%clk 1:30:55]} c5 {[%clk 1:30:51]} 2. Nc3 {[%clk 1:31:03]} Nc6 {[%clk
1:30:43]} 3. Bb5 {[%clk 1:30:56]} g6 {[%clk 1:29:42]} 4. Nf3 {[%clk 1:31:06]} Bg7
{[%clk 1:29:46]} 5. O-O {[%clk 1:31:26]} d6 {[%clk 1:26:13]} 6. e5 {[%clk
1:31:14]} dxe5 {[%clk 1:23:15]} 7. Re1 {[%clk 1:31:37]} Bd7 {[%clk 1:19:54]} 8.
Bxc6 {[%clk 1:31:51]} Bxc6 {[%clk 1:20:20]} 9. Nxe5 {[%clk 1:32:14]} Bxe5 {[%clk
1:15:45]} 10. Rxe5 {[%clk 1:32:33]} Qd6 {[%clk 1:16:01]} 11. Re1 {[%clk 1:26:05]}
Nf6 {[%clk 1:15:05]} 12. d3 {[%clk 1:21:55]} O-O {[%clk 1:13:07]} 13. Bg5 {[%clk
1:16:08]} Rfe8 {[%clk 1:11:40]} 14. Qe2 {[%clk 1:15:37]} b6 {[%clk 0:58:04]} 15.
Qe5 {[%clk 0:58:55]} Nd7 {[%clk 0:51:56]} 16. Qe3 {[%clk 0:54:00]} Nf6 {[%clk
0:41:57]} 17. Bxf6 {[%clk 0:49:30]} exf6 {[%clk 0:40:50]} 18. Qg3 {[%clk
0:48:30]} Qxg3 {[%clk 0:37:45]} 19. hxg3 {[%clk 0:48:11]} Re6 {[%clk 0:37:56]}
20. a4 {[%clk 0:47:50]} Rae8 {[%clk 0:37:47]} 21. Red1 {[%clk 0:47:38]} Rd8
{[%clk 0:36:06]} 22. f3 {[%clk 0:46:51]} f5 {[%clk 0:32:46]} 23. Kf2 {[%clk
0:46:13]} g5 {[%clk 0:32:22]} 24. b3 {[%clk 0:40:28]} Kg7 {[%clk 0:31:04]} 25.
Rd2 {[%clk 0:40:07]} h5 {[%clk 0:24:42]} 26. Ne2 {[%clk 0:36:46]} Red6 {[%clk
0:20:59]} 27. Rad1 {[%clk 0:35:14]} a6 {[%clk 0:19:18]} 28. d4 {[%clk 0:30:48]}
Kg6 {[%clk 0:18:03]} 29. Ke1 {[%clk 0:28:37]} cxd4 {[%clk 0:14:03]} 30. Rxd4
{[%clk 0:28:13]} Rxd4 {[%clk 0:14:13]} 31. Nxd4 {[%clk 0:27:15]} Bb7 {[%clk
0:12:26]} 32. Rd3 {[%clk 0:27:00]} h4 {[%clk 0:11:03]} 33. gxh4 {[%clk 0:26:16]}
gxh4 {[%clk 0:11:16]} 34. Kf2 {[%clk 0:26:14]} Kf6 {[%clk 0:09:59]} 35. Ke3
{[%clk 0:23:38]} Rg8 {[%clk 0:09:00]} 36. Rd2 {[%clk 0:23:54]} Ke5 {[%clk
0:07:54]} 37. Kf2 {[%clk 0:23:38]} Rh8 {[%clk 0:06:17]} 38. c3 {[%clk 0:22:46]}
h3 {[%clk 0:05:23]} 39. Re2+ {[%clk 0:22:44]} Kf6 {[%clk 0:05:37]} 40. gxh3
{[%clk 0:52:41]} Rxh3 {[%clk 0:35:53]} 41. Re8 {[%clk 0:52:10]} f4 {[%clk
0:26:39]} 42. Rb8 {[%clk 0:52:08]} Bd5 {[%clk 0:26:58]} 43. Rxb6+ {[%clk
0:51:56]} Kg5 {[%clk 0:27:16]} 44. Rxa6 {[%clk 0:50:28]} Be6 {[%clk 0:24:28]} 45.
Ke2 {[%clk 0:48:17]} Rh1 {[%clk 0:21:45]} 46. Nxe6+ {[%clk 0:45:01]} fxe6 {[%clk
0:22:06]} 47. Rxe6 {[%clk 0:45:24]} Rb1 {[%clk 0:22:09]} 48. b4 {[%clk 0:45:40]}
Rb2+ {[%clk 0:21:52]} 49. Kd3 {[%clk 0:44:11]} Rf2 {[%clk 0:22:13]} 50. a5 {[%clk
0:44:16]} Rxf3+ {[%clk 0:22:32]} 51. Kc4 {[%clk 0:44:36]} Rf1 {[%clk 0:22:02]}
52. Re8 {[%clk 0:43:56]} f3 {[%clk 0:20:34]} 53. Rf8 {[%clk 0:44:14]} Kg4 {[%clk
0:20:55]} 54. a6 {[%clk 0:44:24]} Ra1 {[%clk 0:21:06]} 55. b5 {[%clk 0:43:55]}
Kg3 {[%clk 0:20:36]} 56. Kc5 {[%clk 0:43:35]} f2 {[%clk 0:20:43]} 57. c4 {[%clk
0:42:57]} Ra3 {[%clk 0:20:53]} 58. Rxf2 {[%clk 0:40:56]} Kxf2 {[%clk 0:21:13]}
59. Kd5 {[%clk 0:39:05]} 1-0

[Event "Greek Team Championship"]
[Site "chess24.com"]
[Date "2017.07.08"]
[Round "7"]
[White "Milonakis, Georgios"]
[Black "Kofidis, Andreas"]
[Result "1-0"]
[Board "3"]
[WhiteElo "2196"]
[WhiteCountry "GRE"]
[WhiteFideId "4206320"]
[WhiteEloChange "15"]
[BlackElo "2381"]
[BlackTitle "IM"]
[BlackCountry "GRE"]
[BlackFideId "4200217"]
[BlackEloChange "-15"]

1. Nf3 {[%clk 1:30:48]} f5 {[%clk 1:30:50]} 2. d4 {[%clk 1:28:36]} e6 {[%clk
1:31:11]} 3. Bf4 {[%clk 1:27:44]} Nf6 {[%clk 1:31:33]} 4. e3 {[%clk 1:27:01]} Be7
{[%clk 1:31:42]} 5. h3 {[%clk 1:26:10]} O-O {[%clk 1:32:04]} 6. Bd3 {[%clk
1:25:26]} d6 {[%clk 1:31:57]} 7. Nbd2 {[%clk 1:22:24]} Nc6 {[%clk 1:32:18]} 8. c3
{[%clk 1:21:37]} Nd5 {[%clk 1:24:18]} 9. Bh2 {[%clk 1:17:18]} f4 {[%clk 1:23:06]}
10. e4 {[%clk 1:14:16]} Nb6 {[%clk 1:22:31]} 11. g3 {[%clk 1:06:22]} e5 {[%clk
1:19:56]} 12. gxf4 {[%clk 1:06:32]} exf4 {[%clk 1:20:22]} 13. Qe2 {[%clk
1:00:57]} Qe8 {[%clk 1:19:45]} 14. O-O-O {[%clk 0:59:17]} Qh5 {[%clk 1:20:06]}
15. Rdg1 {[%clk 0:51:35]} Bd7 {[%clk 1:18:15]} 16. Qf1 {[%clk 0:43:09]} Rf7
{[%clk 1:14:48]} 17. h4 {[%clk 0:41:14]} Raf8 {[%clk 1:00:14]} 18. Ng5 {[%clk
0:34:04]} Bxg5 {[%clk 0:57:18]} 19. hxg5 {[%clk 0:34:23]} Qg6 {[%clk 0:40:56]}
20. Nf3 {[%clk 0:33:50]} Re7 {[%clk 0:41:22]} 21. Nh4 {[%clk 0:17:59]} Qe8 {[%clk
0:41:43]} 22. g6 {[%clk 0:18:16]} h6 {[%clk 0:42:07]} 23. f3 {[%clk 0:18:21]} d5
{[%clk 0:40:37]} 24. Nf5 {[%clk 0:17:21]} Rxe4 {[%clk 0:36:42]} 25. fxe4 {[%clk
0:17:08]} dxe4 {[%clk 0:37:10]} 26. Nxh6+ {[%clk 0:08:18]} gxh6 {[%clk 0:37:29]}
27. Bxf4 {[%clk 0:08:45]} exd3 {[%clk 0:36:37]} 28. Rxh6 {[%clk 0:08:56]} Qe2
{[%clk 0:36:24]} 29. Rh8+ {[%clk 0:05:48]} Kxh8 {[%clk 0:36:03]} 30. g7+ {[%clk
0:06:13]} Kg8 {[%clk 0:35:50]} 31. gxf8Q+ {[%clk 0:06:36]} Kxf8 {[%clk 0:36:15]}
32. Bd6+ {[%clk 0:06:59]} 1-0

[Event "Greek Team Championship"]
[Site "chess24.com"]
[Date "2017.07.08"]
[Round "7"]
[White "Poulopoulos, Ioannis"]
[Black "Gkogkas, Dimitrios"]
[Result "1-0"]
[Board "4"]
[WhiteElo "2252"]
[WhiteCountry "GRE"]
[WhiteFideId "4218078"]
[WhiteEloChange "6"]
[BlackElo "2094"]
[BlackCountry "GRE"]
[BlackFideId "4200462"]
[BlackEloChange "-6"]

1. c4 {[%clk 1:30:57]} c5 {[%clk 1:26:48]} 2. g3 {[%clk 1:31:18]} Nf6 {[%clk
1:26:23]} 3. Bg2 {[%clk 1:31:19]} g6 {[%clk 1:23:19]} 4. Nc3 {[%clk 1:31:15]} Bg7
{[%clk 1:23:22]} 5. e4 {[%clk 1:31:28]} d6 {[%clk 1:23:41]} 6. Nge2 {[%clk
1:31:22]} Nc6 {[%clk 1:23:43]} 7. O-O {[%clk 1:31:25]} O-O {[%clk 1:24:08]} 8. d3
{[%clk 1:31:28]} Bd7 {[%clk 1:20:21]} 9. h3 {[%clk 1:30:55]} a6 {[%clk 1:20:09]}
10. a3 {[%clk 1:29:47]} Rb8 {[%clk 1:19:19]} 11. Rb1 {[%clk 1:29:42]} Ne8 {[%clk
1:07:47]} 12. Be3 {[%clk 1:27:34]} Nc7 {[%clk 1:04:23]} 13. b4 {[%clk 1:17:48]}
Ne6 {[%clk 1:01:31]} 14. f4 {[%clk 1:12:43]} Ned4 {[%clk 0:56:59]} 15. bxc5
{[%clk 0:58:45]} dxc5 {[%clk 0:55:58]} 16. e5 {[%clk 0:58:54]} Nxe2+ {[%clk
0:39:48]} 17. Qxe2 {[%clk 0:57:57]} Nd4 {[%clk 0:38:25]} 18. Qf2 {[%clk 0:57:13]}
Bf5 {[%clk 0:36:44]} 19. Ne4 {[%clk 0:56:31]} b6 {[%clk 0:34:42]} 20. g4 {[%clk
0:53:00]} Bc8 {[%clk 0:33:57]} 21. Nxc5 {[%clk 0:51:24]} Ne6 {[%clk 0:30:24]} 22.
Nxe6 {[%clk 0:49:41]} Bxe6 {[%clk 0:30:49]} 23. f5 {[%clk 0:47:10]} Qxd3 {[%clk
0:26:00]} 24. fxe6 {[%clk 0:45:08]} fxe6 {[%clk 0:26:26]} 25. Qd2 {[%clk
0:44:24]} Rxf1+ {[%clk 0:24:13]} 26. Rxf1 {[%clk 0:42:22]} Qxc4 {[%clk 0:24:23]}
27. Qd7 {[%clk 0:38:14]} Bxe5 {[%clk 0:20:16]} 28. Rc1 {[%clk 0:32:08]} Qb3
{[%clk 0:19:14]} 29. Bh6 {[%clk 0:29:33]} Rf8 {[%clk 0:15:22]} 30. Qxe7 {[%clk
0:29:19]} Rb8 {[%clk 0:10:12]} 31. Rf1 {[%clk 0:28:43]} Qg3 {[%clk 0:08:52]} 32.
Rf8+ {[%clk 0:28:45]} 1-0